[Event "Joao Pessoa Fischer Memorial 8th"]
[Site "Joao Pessoa"]
[Date "2017.03.19"]
[Round "5"]
[White "Mathias, Carlos Augusto De C"]
[Black "Lucena, Helianto dos Santos"]
[Result "1/2-1/2"]
[WhiteElo "1514"]
[BlackElo "1802"]
[PlyCount "65"]
[EventDate "2017.03.17"]
[EventType "swiss"]
[EventRounds "6"]
[EventCountry "BRA"]
[SourceTitle "EXT 2018"]
[Source "ChessBase"]
[SourceDate "2017.10.13"]
[SourceVersion "1"]
[SourceVersionDate "2017.10.13"]
[SourceQuality "1"]

1. c4 e5 2. Nc3 Nf6 3. g3 g6 4. Bg2 Bg7 5. e4 d6 6. h3 c6 7. Nge2 Be6 8. d3 0-0 9. 0-0 Nbd7 10. Be3 b6 11. Qd2 Nc5 12. b4 Na6 13. a3 Nc7 14. f4 exf4 15. Nxf4 Qd7 16. Nxe6 Nxe6 17. Rf3 Ne8 18. Raf1 Nd4 19. R3f2 f5 20. Kh2 Nc7 21. Bh6 Nce6 22. Bxg7 Kxg7 23. Qe3 Rae8 24. Ne2 Nxe2 25. Qxe2 Nd4 26. Qb2 c5 27. Qa1 fxe4 28. Bxe4 Rxf2+ 29. Rxf2 Rf8 30. Qf1 Rxf2+ 31. Qxf2 Qf7 32. Qb2 Qf6 33. Kg2 1/2-1/2

[Event "Joao Pessoa Fischer Memorial 8th"]
[Site "Joao Pessoa"]
[Date "2017.03.17"]
[Round "1"]
[White "Brito, Luismar Jorge"]
[Black "Lucena, Helianto dos Santos"]
[Result "1-0"]
[WhiteElo "2256"]
[BlackElo "1802"]
[PlyCount "73"]
[EventDate "2017.03.17"]
[EventType "swiss"]
[EventRounds "6"]
[EventCountry "BRA"]
[SourceTitle "CBM 177 Extra"]
[Source "ChessBase"]
[SourceDate "2017.04.27"]
[SourceVersion "1"]
[SourceVersionDate "2017.04.27"]
[SourceQuality "1"]

1. e4 g6 2. d4 Bg7 3. f4 d6 4. Nf3 Bg4 5. Be3 Nd7 6. Bc4 e6 7. Nbd2 Ne7 8. h3 Bxf3 9. Qxf3 Nb6 10. Bb3 a5 11. a3 d5 12. e5 a4 13. Ba2 Nf5 14. Bf2 Qd7 15. g4 Ne7 16. Bh4 h5 17. 0-0-0 0-0-0 18. Kb1 Rde8 19. Bxe7 hxg4 20. hxg4 Rxh1 21. Rxh1 Qxe7 22. Rh7 Rg8 23. Qh1 Qf8 24. Nf3 Rh8 25. Rxh8 Qxh8 26. Qxh8+ Bxh8 27. Ng5 f6 28. Nxe6 fxe5 29. fxe5 Nd7 30. Bxd5 c6 31. Be4 Bxe5 32. dxe5 Nxe5 33. g5 Kb8 34. Kc1 b6 35. Kd2 Kb7 36. Kc3 Kc8 37. Kd4 1-0

[Event "Joao Pessoa Fischer Memorial 8th"]
[Site "Joao Pessoa"]
[Date "2017.03.17"]
[Round "2"]
[White "Lucena, Helianto dos Santos"]
[Black "Goncalves, Alice da Silva"]
[Result "1-0"]
[WhiteElo "1802"]
[BlackElo "1417"]
[PlyCount "83"]
[EventDate "2017.03.17"]
[EventType "swiss"]
[EventRounds "6"]
[EventCountry "BRA"]
[SourceTitle "CBM 177 Extra"]
[Source "ChessBase"]
[SourceDate "2017.04.27"]
[SourceVersion "1"]
[SourceVersionDate "2017.04.27"]
[SourceQuality "1"]

1. d4 g6 2. e4 Bg7 3. Nf3 d6 4. Be2 Nf6 5. Nc3 0-0 6. 0-0 Re8 7. Bg5 b6 8. d5 Bb7 9. Bb5 c6 10. dxc6 Bxc6 11. Bxc6 Nxc6 12. a3 Qd7 13. h3 h6 14. Bh4 Ne5 15. Nxe5 dxe5 16. Bxf6 Qxd1 17. Raxd1 Bxf6 18. Rd7 Red8 19. Rfd1 e6 20. Nb5 Kf8 21. Nxa7 Rxa7 22. Rxd8+ Bxd8 23. Rxd8+ Ke7 24. Rd2 Rd7 25. Rxd7+ Kxd7 26. Kf1 Kd6 27. Ke2 f5 28. f3 Kc5 29. Kd3 g5 30. b3 h5 31. c3 b5 32. g4 hxg4 33. hxg4 f4 34. b4+ Kc6 35. c4 Kb6 36. cxb5 Kxb5 37. Kc3 Kb6 38. Kc4 Kb7 39. Kb5 Ka7 40. Kc6 Kb8 41. Kd6 Kb7 42. Kxe6 1-0

[Event "Joao Pessoa-ch"]
[Site "Joao Pessoa"]
[Date "2014.08.01"]
[Round "1"]
[White "Lucena, Helianto dos Santos"]
[Black "Macedo, Maximo Iack Miranda"]
[Result "0-1"]
[WhiteElo "1873"]
[BlackElo "2364"]
[PlyCount "94"]
[EventDate "2014.08.01"]
[EventType "swiss"]
[EventRounds "6"]
[EventCountry "BRA"]
[SourceTitle "CBM 161 Extra"]
[Source "ChessBase"]
[SourceDate "2014.08.29"]
[SourceVersion "1"]
[SourceVersionDate "2014.08.29"]
[SourceQuality "1"]

1. d4 d5 2. e3 Nf6 3. Bd3 Nc6 4. f4 Nb4 5. Nd2 Nxd3+ 6. cxd3 g6 7. Ngf3 Bg7 8. 0-0 0-0 9. Ne5 Ne8 10. Nb3 Nd6 11. Bd2 c6 12. Rc1 f6 13. Nf3 Bg4 14. Bc3 Nb5 15. Qe1 Nxc3 16. bxc3 Bxf3 17. Rxf3 e5 18. Qh4 exf4 19. Qxf4 f5 20. Rg3 Qe7 21. Re1 Rae8 22. h4 Bf6 23. Rh3 h5 24. Qh6 Qg7 25. Qxg7+ Bxg7 26. Rf3 Re7 27. Nd2 Rfe8 28. Nf1 Bh6 29. g3 b6 30. Kf2 Bg7 31. Rb1 Re6 32. a4 Rc8 33. c4 Rd8 34. Nd2 Bf8 35. Rb3 Bh6 36. Nf1 c5 37. cxd5 Rxd5 38. dxc5 Rxc5 39. Rb2 Rc3 40. Ke2 Ra3 41. Rb4 Ra2+ 42. Nd2 Rc6 43. Rc4 Rxc4 44. dxc4 Rxa4 45. Kd3 Ra3+ 46. Ke2 Rc3 47. Nb1 Rxc4 0-1

[Event "Fortaleza Alves Memorial 19th"]
[Site "Fortaleza"]
[Date "2014.05.18"]
[Round "6"]
[White "Costa, Fernando de Souza"]
[Black "Lucena, Helianto dos Santos"]
[Result "1-0"]
[WhiteElo "2010"]
[BlackElo "1876"]
[PlyCount "120"]
[EventDate "2014.05.16"]
[EventType "swiss"]
[EventRounds "6"]
[EventCountry "BRA"]
[SourceTitle "CBM 160 Extra"]
[Source "ChessBase"]
[SourceDate "2014.07.01"]
[SourceVersion "1"]
[SourceVersionDate "2014.07.01"]
[SourceQuality "1"]

1. d4 Nf6 2. Nf3 g6 3. Bf4 Bg7 4. Nc3 0-0 5. e4 d6 6. Bc4 Bg4 7. h3 Bxf3 8. Qxf3 Nc6 9. 0-0-0 Nh5 10. Be3 e5 11. Ne2 exd4 12. Nxd4 Nxd4 13. Bxd4 Bxd4 14. Rxd4 Qf6 15. Qxf6 Nxf6 16. f3 Nd7 17. Rhd1 Rad8 18. b4 Ne5 19. a3 Nxc4 20. Rxc4 Rd7 21. e5 d5 22. Rcd4 c6 23. c4 Rfd8 24. Kc2 Kf8 25. Kc3 Ke7 26. cxd5 cxd5 27. g4 Ke6 28. f4 Rc8+ 29. Kb3 b5 30. a4 a6 31. axb5 axb5 32. Ra1 Rdc7 33. Rd3 Rc6 34. Ra5 Rb6 35. Ra7 Rc4 36. f5+ gxf5 37. gxf5+ Kxe5 38. Rxf7 Ke4 39. Rg3 h5 40. Rg6 Rcc6 41. f6 Kf5 42. Rh6 Kg5 43. Rfh7 Rxf6 44. Rxh5+ Kf4 45. Rxd5 Ke4 46. Rc5 Rf3+ 47. Rc3 Rxc3+ 48. Kxc3 Rc6+ 49. Kb3 Rd6 50. Rh5 Rb6 51. Rc5 Kd4 52. h4 Rh6 53. h5 Rb6 54. Rg5 Ke4 55. Rg6 Rb8 56. h6 Rh8 57. Rb6 Kd4 58. Re6 Kd5 59. Rg6 Kd4 60. Rb6 Rh7 1-0

[Event "Joao Pessoa op 08"]
[Site "Joao Pessoa"]
[Date "2013.08.04"]
[Round "5"]
[White "Lucena, Helianto dos Santos"]
[Black "Penha, Evelyn Maximiano"]
[Result "1/2-1/2"]
[WhiteElo "1892"]
[BlackElo "1642"]
[PlyCount "55"]
[EventDate "2013.08.02"]
[EventType "swiss"]
[EventRounds "6"]
[EventCountry "BRA"]
[SourceTitle "CBM 155 Extra"]
[Source "ChessBase"]
[SourceDate "2013.08.26"]
[SourceVersion "1"]
[SourceVersionDate "2013.08.26"]
[SourceQuality "1"]

1. d4 d5 2. e3 c6 3. Bd3 Nf6 4. Nd2 e6 5. f4 c5 6. c3 c4 7. Bc2 b5 8. a3 Bb7 9. Qf3 Qa5 10. Ne2 Nbd7 11. 0-0 Qc7 12. Ng3 0-0-0 13. e4 Nxe4 14. Ndxe4 dxe4 15. Bxe4 Bxe4 16. Qxe4 Qb7 17. Be3 Nf6 18. Qxb7+ Kxb7 19. h3 Nd5 20. Bd2 Bd6 21. Ne4 h6 22. Nxd6+ Rxd6 23. a4 a6 24. f5 exf5 25. Rxf5 f6 26. axb5 axb5 27. Bf4 Nxf4 28. Rxf4 1/2-1/2

[Event "Joao Pessoa op 08"]
[Site "Joao Pessoa"]
[Date "2013.08.02"]
[Round "2"]
[White "Pinto, Carlos Henrique Lop"]
[Black "Lucena, Helianto dos Santos"]
[Result "1-0"]
[WhiteElo "2075"]
[BlackElo "1892"]
[PlyCount "77"]
[EventDate "2013.08.02"]
[EventType "swiss"]
[EventRounds "6"]
[EventCountry "BRA"]
[SourceTitle "CBM 155 Extra"]
[Source "ChessBase"]
[SourceDate "2013.08.26"]
[SourceVersion "1"]
[SourceVersionDate "2013.08.26"]
[SourceQuality "1"]

1. d4 g6 2. Bf4 d6 3. e3 Nf6 4. c3 Bg7 5. Nf3 Nd5 6. Bg5 0-0 7. Be2 Nf6 8. Nbd2 Bf5 9. h3 Ne4 10. Nxe4 Bxe4 11. 0-0 f6 12. Bh4 Nd7 13. Nd2 Bd5 14. c4 Bf7 15. Qc2 c5 16. d5 g5 17. Bg3 Ne5 18. f4 gxf4 19. exf4 Bg6 20. Qb3 Nd7 21. Rae1 Nb6 22. Bd3 f5 23. Nf3 h6 24. Bh4 Bf6 25. Qc2 Kg7 26. Re2 Qd7 27. Rfe1 Rae8 28. Re6 Rf7 29. Kh2 Bd4 30. g4 Bh7 31. gxf5 Bf6 32. Qe2 Nc8 33. b3 Bxh4 34. Nxh4 Ref8 35. Rg1+ Kh8 36. Ng6+ Bxg6 37. Rgxg6 Rf6 38. Qh5 Kh7 39. Qxh6# 1-0

[Event "Joao Pessoa op 4th"]
[Site "Joao Pessoa"]
[Date "2013.03.15"]
[Round "1"]
[White "Barros, Ubirajara Barbosa"]
[Black "Lucena, Helianto dos Santos"]
[Result "0-1"]
[WhiteElo "1733"]
[BlackElo "1912"]
[PlyCount "92"]
[EventDate "2013.03.15"]
[EventType "swiss"]
[EventRounds "6"]
[EventCountry "BRA"]
[SourceTitle "CBM 153 Extra"]
[Source "ChessBase"]
[SourceDate "2013.04.22"]
[SourceVersion "1"]
[SourceVersionDate "2013.04.22"]
[SourceQuality "1"]

1. d4 Nf6 2. c4 d6 3. Nc3 g6 4. e4 Bg7 5. Nf3 0-0 6. d5 c6 7. Be2 cxd5 8. cxd5 Nbd7 9. h3 Nc5 10. e5 Nfe4 11. Nxe4 Nxe4 12. Qc2 Qa5+ 13. Bd2 Qxd5 14. Rd1 Nxd2 15. Rxd2 Qa5 16. a3 dxe5 17. h4 Bf5 18. Qb3 e4 19. Ng5 Rad8 20. Qe3 Rxd2 21. Qxd2 Qxd2+ 22. Kxd2 h6 23. g4 Bxg4 24. Bxg4 hxg5 25. hxg5 Be5 26. Ke3 Bxb2 27. Rb1 Bxa3 28. Rxb7 Bc1+ 29. Kxe4 Bxg5 30. Rxa7 f5+ 31. Bxf5 gxf5+ 32. Ke5 Kg7 33. f4 Bf6+ 34. Ke6 Kg6 35. Rd7 Ra8 36. Rd3 Ra6+ 37. Kd7 Ra4 38. Rg3+ Kh5 39. Rh3+ Kg4 40. Rh1 Rxf4 41. Rg1+ Kf3 42. Rf1+ Ke3 43. Rxf4 Kxf4 44. Ke6 Ke4 45. Kd7 Kd3 46. Ke6 f4 0-1

[Event "BRA-ch Seniors"]
[Site "Joao Pessoa"]
[Date "2012.07.27"]
[Round "1"]
[White "Macedo, Euclides Soares"]
[Black "Lucena, Helianto dos Santos"]
[Result "0-1"]
[WhiteElo "1800"]
[BlackElo "1919"]
[PlyCount "104"]
[EventDate "2012.07.27"]
[EventType "swiss"]
[EventRounds "6"]
[EventCountry "BRA"]
[SourceTitle "EXT 2014"]
[Source "ChessBase"]
[SourceDate "2013.11.20"]
[SourceVersion "1"]
[SourceVersionDate "2013.11.20"]
[SourceQuality "1"]

1. Nf3 Nf6 2. g3 g6 3. Bg2 Bg7 4. 0-0 d5 5. d4 0-0 6. Nc3 c6 7. b3 Bf5 8. Bb2 Qc8 9. Ng5 h6 10. Nf3 Bh3 11. Bxh3 Qxh3 12. Ne5 Nbd7 13. f3 Nxe5 14. dxe5 Nh7 15. Nxd5 cxd5 16. Qxd5 Qc8 17. c4 Rd8 18. Qe4 Ng5 19. Qg4 Qxg4 20. fxg4 Rd2 21. Bc1 Rxe2 22. Bxg5 hxg5 23. Rfe1 Rxe5 24. Rxe5 Bxe5 25. Re1 Bd4+ 26. Kg2 e5 27. h4 f6 28. Rf1 Kg7 29. Kf3 a5 30. a4 Rd8 31. Rd1 b6 32. h5 Rh8 33. Ke4 gxh5 34. Rh1 h4 35. Rh3 Bf2 36. gxh4 Rxh4 37. Rxh4 gxh4 38. Kf3 Be1 39. Kg2 Kg6 40. Kf1 Bb4 41. Kg2 Kg5 42. Kf3 Bc5 43. Ke4 Kxg4 44. Kd5 h3 45. Kc6 h2 46. b4 h1Q+ 47. Kb5 axb4 48. a5 b3 49. axb6 Bxb6 50. Kxb6 b2 51. c5 b1R+ 52. Ka6 Qa8# 0-1

[Event "Joao Pessoa op 3rd"]
[Site "Joao Pessoa"]
[Date "2012.03.10"]
[Round "3"]
[White "Campos, Sergio de Oliveira"]
[Black "Lucena, Helianto dos Santos"]
[Result "1/2-1/2"]
[WhiteElo "1710"]
[BlackElo "1922"]
[PlyCount "83"]
[EventDate "2012.03.09"]
[EventType "swiss"]
[EventRounds "6"]
[EventCountry "BRA"]
[SourceTitle "CBM 147 Extra"]
[Source "ChessBase"]
[SourceDate "2012.04.24"]
[SourceVersion "1"]
[SourceVersionDate "2012.04.24"]
[SourceQuality "1"]

1. d4 Nf6 2. Nf3 g6 3. Bf4 Bg7 4. e3 d6 5. c4 0-0 6. h3 c5 7. Nc3 Qa5 8. Bd3 cxd4 9. exd4 Nfd7 10. 0-0 e5 11. dxe5 dxe5 12. Bd2 Qd8 13. Rb1 Nc6 14. a3 Nf6 15. Bg5 h6 16. Bxf6 Bxf6 17. Ne4 Bg7 18. Bc2 Be6 19. b3 Qe7 20. Qd6 Bf5 21. Qxe7 Nxe7 22. Rbc1 Rad8 23. Rfd1 Nc6 24. c5 Nd4 25. Nxd4 Rxd4 26. Rxd4 exd4 27. Rd1 Rd8 28. Bd3 Be6 29. b4 Bd5 30. Nd6 b6 31. Re1 bxc5 32. bxc5 Bf8 33. Re8 Rxe8 34. Nxe8 Bc6 35. Nd6 Kg7 36. f3 Kf6 37. Be4 Bxe4 38. Nxe4+ Ke7 39. Kf2 Kd7 40. Ke2 Kc6 41. Kd3 Bxc5 42. a4 1/2-1/2

[Event "Potiguar-ch sf"]
[Site "Natal"]
[Date "2009.08.29"]
[Round "5.4"]
[White "Silva, Alexsandro Lira"]
[Black "Lucena, Helianto dos Santos"]
[Result "1/2-1/2"]
[WhiteElo "2013"]
[BlackElo "1935"]
[PlyCount "27"]
[EventDate "2009.08.26"]
[EventType "swiss"]
[EventRounds "7"]
[EventCountry "BRA"]
[SourceTitle "EXT 2022"]
[Source "ChessBase"]
[SourceDate "2021.10.06"]
[SourceVersion "1"]
[SourceVersionDate "2021.10.06"]
[SourceQuality "1"]

1. e4 e6 2. d4 d5 3. Nd2 dxe4 4. Nxe4 Nd7 5. Ne2 Ngf6 6. N2c3 Nxe4 7. Nxe4 Nf6 8. Bg5 Be7 9. Nxf6+ Bxf6 10. Bxf6 Qxf6 11. Bd3 0-0 12. 0-0 e5 13. dxe5 Qxe5 14. c3 1/2-1/2

[Event "Recife TR Nordeste op"]
[Site "Recife"]
[Date "2009.06.??"]
[Round "2"]
[White "Lucena, Helianto dos Santos"]
[Black "Silveira Filho, Neri da Silva"]
[Result "0-1"]
[WhiteElo "1949"]
[BlackElo "2280"]
[PlyCount "82"]
[EventDate "2009.06.??"]
[EventType "swiss"]
[EventRounds "7"]
[EventCountry "BRA"]
[SourceTitle "EXT 2011"]
[Source "ChessBase"]
[SourceDate "2010.11.26"]
[SourceVersion "1"]
[SourceVersionDate "2010.11.26"]
[SourceQuality "1"]

1. d4 Nf6 2. c4 d6 3. Nc3 e5 4. dxe5 dxe5 5. Qxd8+ Kxd8 6. Bg5 c6 7. Nf3 Nbd7 8. 0-0-0 Kc7 9. e4 Bb4 10. Bd3 Re8 11. Kc2 a5 12. h3 a4 13. a3 Bf8 14. Kc1 Nc5 15. Bc2 Nfd7 16. Be3 Nb6 17. Nd2 Be6 18. Kb1 Nxc4 19. Nxc4 Bxc4 20. Bxc5 Bxc5 21. Rd2 b5 22. Rhd1 Rad8 23. Na2 Rxd2 24. Rxd2 Rd8 25. Rxd8 Kxd8 26. Nb4 Bxb4 27. axb4 Bf1 28. g3 Bxh3 29. f4 exf4 30. gxf4 Bg2 31. Kc1 Ke7 32. Kd2 f6 33. Ke3 g5 34. e5 h5 35. exf6+ Kxf6 36. fxg5+ Kxg5 37. Kf2 Bd5 38. Kg3 h4+ 39. Kh2 Kf4 40. Kh3 Ke3 41. Kxh4 Kd2 0-1